000 00322nam a2200121Ia 4500
005 20251222144654.0
008 251222s9999||||xx |||||||||||||| ||spa||
020 _a84-300-8397-9
082 _a232.931/A45
100 _aAlpanseque Frias, Augusto
245 0 _aLos dos mil años de la santísima Virgen María
942 _cLIB
999 _c17181
_d17181